000 00610nam a2200181Ia 4500
008 090630s9999 xx 000 0 und d
082 _b6404
100 _aपांढरीपांडे वि. म.
245 _aपत्रांजली.
_cपांढरीपांडे वि. म.
260 _bमेनका.
_c1974
300 _a194
600 _aपांढरीपांडे वि. म.
630 _aपत्रांजली.
655 _aइतर.
700 _aपांढरीपांडे वि. म.
730 _aपत्रांजली.
942 _cBOOK
999 _c258260
_d258260